Self-determination in the post-9/11 era / (Record no. 15999)

000 -LEADER
fixed length control field 01211cam a2200277 a 4500
001 - CONTROL NUMBER
control field 16498001
005 - DATE AND TIME OF LATEST TRANSACTION
control field 20170105102929.0
008 - FIXED-LENGTH DATA ELEMENTS--GENERAL INFORMATION
fixed length control field 101012s2011 enk b 001 0 eng
010 ## - LIBRARY OF CONGRESS CONTROL NUMBER
LC control number 2010043823
020 ## - INTERNATIONAL STANDARD BOOK NUMBER
International Standard Book Number 9780415550048
040 ## - CATALOGING SOURCE
Original cataloging agency DLC
Transcribing agency DLC
Modifying agency DLC
042 ## - AUTHENTICATION CODE
Authentication code pcc
050 00 - LIBRARY OF CONGRESS CALL NUMBER
Classification number KZ1269
Item number .C48 2011
082 00 - DEWEY DECIMAL CLASSIFICATION NUMBER
Classification number 341.6
Edition number 22
Author Mark CHA 2011
100 1# - MAIN ENTRY--PERSONAL NAME
Personal name Chadwick, E.
Fuller form of name (Elizabeth)
245 10 - TITLE STATEMENT
Title Self-determination in the post-9/11 era /
Statement of responsibility, etc. Elizabeth Chadwick.
260 ## - PUBLICATION, DISTRIBUTION, ETC.
Place of publication, distribution, etc. Abingdon, Oxon ;
-- New York :
Name of publisher, distributor, etc. Routledge,
Date of publication, distribution, etc. 2011.
300 ## - PHYSICAL DESCRIPTION
Extent xvii, 160 p. ;
Dimensions 24 cm.
504 ## - BIBLIOGRAPHY, ETC. NOTE
Bibliography, etc. note Includes bibliographical references and index.
505 0# - FORMATTED CONTENTS NOTE
Formatted contents note Perspectives on self-determination in the post-9/11 era -- The role of laws of warfare -- "Peace" is "war" -- The growth in linkage between self-determination and terrorism : international and regional instruments -- Post-9/11 statutes and case law of the Security Council permanent members.
650 #0 - SUBJECT ADDED ENTRY--TOPICAL TERM
Topical term or geographic name entry element Self-determination, National.
650 #0 - SUBJECT ADDED ENTRY--TOPICAL TERM
Topical term or geographic name entry element Terrorism
General subdivision Prevention
-- Law and legislation.
906 ## - LOCAL DATA ELEMENT F, LDF (RLIN)
a 7
b cbc
c orignew
d 1
e ecip
f 20
g y-gencatlg
942 ## - ADDED ENTRY ELEMENTS (KOHA)
Source of classification or shelving scheme
Koha item type Book
Holdings
Withdrawn status Lost status Damaged status Not for loan Collection code Permanent Location Current Location Shelving location Date acquired Total Checkouts Full call number Barcode Date last seen Price effective from Koha item type
          Centre for International Peace & Stability (CIPS) Centre for International Peace & Stability (CIPS) General Stacks 11/21/2013   341.6 CHA 2011 CIPS0002494 01/15/2014 01/05/2017 Book
© 2023 Central Library, National University of Sciences and Technology. All Rights Reserved.